Aggression, Selbstaggression, Familie und Gesellschaft: das Mayerling-Symposium
| Corporate Author: | |
|---|---|
| Contributors: | ; |
| Format: | Print Book |
| Language: | German |
| Published: |
Berlin Heidelberg [u.a.]
Springer
1989
|
| In: | Year: 1989 |
| Online Access: |
Table of Contents Table of Contents |
| Availability in Tübingen: | Present in Tübingen. IFK: N IV 174 |
| Check availability: | HBZ Gateway |
| Subito Delivery Service: | Order now. |
| Keywords: |
MARC
| LEADER | 00000cam a2200000 c 4500 | ||
|---|---|---|---|
| 001 | 025438174 | ||
| 003 | DE-627 | ||
| 005 | 20260206200010.0 | ||
| 007 | tu | ||
| 008 | 900628s1989 gw ||||| 00| ||ger c | ||
| 015 | |a 89,N41,0030 |2 dnb | ||
| 015 | |a 90,A08,0110 |2 dnb | ||
| 016 | 7 | |a 891459871 |2 DE-101 | |
| 020 | |a 3540515577 |9 3-540-51557-7 | ||
| 020 | |a 0387515577 |9 0-387-51557-7 | ||
| 035 | |a (DE-627)025438174 | ||
| 035 | |a (DE-603)011371587 | ||
| 035 | |a (DE-576)018961320 | ||
| 035 | |a (DE-599)GBV025438174 | ||
| 035 | |a (OCoLC)23180886 | ||
| 035 | |a (OCoLC)260145142 | ||
| 035 | |a (OCoLC)612445836 | ||
| 040 | |a DE-627 |b ger |c DE-627 |e rakwb | ||
| 041 | |a ger | ||
| 044 | |c XA-DE | ||
| 084 | |a 11 |a 33 |a 63 |2 sdnb | ||
| 084 | |a CP 3800 |2 rvk |0 (DE-625)rvk/18982: | ||
| 084 | |a MS 6410 |2 rvk |0 (DE-625)rvk/123754: | ||
| 084 | |a CP 3500 |2 rvk |0 (DE-625)rvk/18979: | ||
| 084 | |a YH 3605 |2 rvk |0 (DE-625)rvk/153540:12911 | ||
| 084 | |a CU 4000 |2 rvk |0 (DE-625)rvk/19113: | ||
| 084 | |a 15.60 |2 bkl | ||
| 084 | |a 77.70 |2 bkl | ||
| 090 | |a a | ||
| 245 | 0 | 0 | |a Aggression, Selbstaggression, Familie und Gesellschaft |b das Mayerling-Symposium |c Walter Pöldinger; Wolfgang Wagner [Hrsg.] |
| 264 | 1 | |a Berlin |a Heidelberg [u.a.] |b Springer |c 1989 | |
| 300 | |a X, 186 S |b Ill., graph. Darst |c 21 cm |e Ill | ||
| 336 | |a Text |b txt |2 rdacontent | ||
| 337 | |a ohne Hilfsmittel zu benutzen |b n |2 rdamedia | ||
| 338 | |a Band |b nc |2 rdacarrier | ||
| 500 | |a Literaturangaben | ||
| 583 | 1 | |a Archivierung/Langzeitarchivierung gewährleistet |f PEBW |x XA-DE-BW |2 pdager |5 DE-31 | |
| 583 | 1 | |a Archivierung prüfen |c 20240324 |f DE-4165 |z 3 |2 pdager | |
| 650 | 0 | |a Aggression |x Congresses | |
| 650 | 0 | |a Family |x Congresses | |
| 650 | 0 | 7 | |0 (DE-588)4000732-7 |0 (DE-627)106400215 |0 (DE-576)208839216 |a Aggression |2 gnd |
| 650 | 0 | 7 | |0 (DE-588)4127821-5 |0 (DE-627)105721867 |0 (DE-576)209596813 |a Autoaggression |2 gnd |
| 650 | 4 | |a Aggression | |
| 650 | 4 | |a Selbsttötung/Suizid | |
| 650 | 4 | |a Aggression | |
| 650 | 4 | |a Suicide | |
| 655 | 7 | |a Konferenzschrift |y 1989 |z Mayerling |0 (DE-588)1071861417 |0 (DE-627)826484824 |0 (DE-576)433375485 |2 gnd-content | |
| 689 | 0 | 0 | |d s |0 (DE-588)4000732-7 |0 (DE-627)106400215 |0 (DE-576)208839216 |a Aggression |2 gnd |
| 689 | 0 | 1 | |d s |0 (DE-588)4127821-5 |0 (DE-627)105721867 |0 (DE-576)209596813 |a Autoaggression |2 gnd |
| 689 | 0 | |5 DE-101 | |
| 689 | 1 | 0 | |d p |0 (DE-588)118626752 |0 (DE-627)694832790 |0 (DE-576)209148519 |a Vetsera, Mary |d 1871-1889 |2 gnd |
| 689 | 1 | 1 | |d p |0 (DE-588)118603698 |0 (DE-627)079395090 |0 (DE-576)209089849 |a Rudolf |c Österreich, Erzherzog |d 1858-1889 |2 gnd |
| 689 | 1 | 2 | |d s |0 (DE-588)4127821-5 |0 (DE-627)105721867 |0 (DE-576)209596813 |a Autoaggression |2 gnd |
| 689 | 1 | 3 | |d s |0 (DE-588)4054423-0 |0 (DE-627)106162845 |0 (DE-576)209108606 |a Suizid |2 gnd |
| 689 | 1 | |5 (DE-627) | |
| 700 | 1 | |a Pöldinger, Walter |d 1929-2002 |e Hrsg. |0 (DE-588)119153920 |0 (DE-627)079949495 |0 (DE-576)211423629 |4 edt | |
| 700 | 1 | |a Wagner, Wolfgang |d 1949- |e Hrsg. |0 (DE-588)130078565 |0 (DE-627)489621155 |0 (DE-576)18935917X |4 edt | |
| 711 | 2 | |a Symposium anlässlich des Hundertsten Todestages des Kronprinzen Rudolf von Habsburg und der Baronesse Mary Vetsera in Mayerling, Österreich |d 1989 |0 (DE-588)2107496-3 |0 (DE-627)101144989 |0 (DE-576)193302055 |4 oth | |
| 856 | 4 | 2 | |u https://swbplus.bsz-bw.de/bsz018961320inh.htm |m B:DE-576;DE-352 |q application/pdf |v 20180329135056 |x Verlag |3 Inhaltsverzeichnis |7 1 |
| 856 | 4 | 2 | |u http://scans.hebis.de/HEBCGI/show.pl?01137158_toc.pdf |m V:DE-576;B:DE-352 |q application/pdf |3 Inhaltsverzeichnis |7 1 |
| 935 | |i sf | ||
| 935 | |i Blocktest | ||
| 936 | r | v | |a CP 3800 |b Aggression, Frustration |k Psychologie |k Allgemeine Psychologie |k Konflikt, Angst, Aggression, Frustration, Stress |k Aggression, Frustration |0 (DE-627)1270707809 |0 (DE-625)rvk/18982: |0 (DE-576)200707809 |
| 936 | r | v | |a MS 6410 |b Sucht, Selbstmord, Tabus, Alkoholismus |k Soziologie |k Spezielle Soziologien |k Soziale Probleme |k Sucht, Selbstmord, Tabus, Alkoholismus |0 (DE-627)1271141701 |0 (DE-625)rvk/123754: |0 (DE-576)201141701 |
| 936 | r | v | |a CP 3500 |b Zusammenfassendes und allgemeine Darstellungen |k Psychologie |k Allgemeine Psychologie |k Konflikt, Angst, Aggression, Frustration, Stress |k Zusammenfassendes und allgemeine Darstellungen |0 (DE-627)1429797266 |0 (DE-625)rvk/18979: |0 (DE-576)359797261 |
| 936 | r | v | |a YH 3605 |b Kongress, Tagungsbericht, Fortbildungslehrgang, Symposium |k Medizin |k Psychiatrie, Medizinische Psychologie |k Allgemeine medizinische Psychologie, Psychopathologie |k Psychologische Funktionen in der Medizin wie: Bewusstsein, Denken, Begabung, Phantasie, Angst, Gefühl, Charakter, Wille usw. |k A. Formalschlüssel |k Kongress, Tagungsbericht, Fortbildungslehrgang, Symposium |0 (DE-627)1271889412 |0 (DE-625)rvk/153540:12911 |0 (DE-576)201889412 |
| 936 | r | v | |a CU 4000 |b Spezielle Verhaltensstörungen und Symptome |k Psychologie |k Klinische Psychologie |k Psychische Störungen |k Spezielle Verhaltensstörungen und Symptome |0 (DE-627)1270710176 |0 (DE-625)rvk/19113: |0 (DE-576)200710176 |
| 936 | b | k | |a 15.60 |j Schweiz |j Österreich-Ungarn |j Österreich |x Geschichte |0 (DE-627)181571633 |
| 936 | b | k | |a 77.70 |j Klinische Psychologie |0 (DE-627)106413139 |
| 936 | s | n | |a m200 |2 mzub |
| 936 | s | n | |a w200 |2 mzub |
| 936 | s | n | |a c200 |2 mzub |
| 936 | s | n | |a n100 |2 mzub |
| 951 | |a BO | ||
| ELC | |b 1 | ||
| LOK | |0 000 xxxxxcx a22 zn 4500 | ||
| LOK | |0 001 3328816925 | ||
| LOK | |0 003 DE-627 | ||
| LOK | |0 004 025438174 | ||
| LOK | |0 005 20020607000000 | ||
| LOK | |0 008 930128||||||||||||||||ger||||||| | ||
| LOK | |0 040 |a DE-21-110 |c DE-627 |d DE-21-110 | ||
| LOK | |0 852 |a DE-21-110 | ||
| LOK | |0 852 1 |c N IV 174 |m p |9 00 | ||
| LOK | |0 935 |a k110 | ||
| LOK | |0 936ln |a 8.7.4 | ||
| LOK | |0 938 |k p | ||
| LOK | |0 939 |a 28-01-93 |b l01 | ||
| ORI | |a SA-MARC-krimdoka001.raw | ||
| SIG | |a IFK: N IV 174 | ||
| TIM | |a 100019890101_100019891231 |b 1989 - 1989 | ||
